000 00321nam a2200133Ia 4500
999 _c6706
_d6706
008 191201s2017 xx 000 0 und d
020 _a9788126515714
100 _aMATTHEW, Neil
245 0 _aBeginning Linux Programming
260 _aN. delhi
_bWiley India
_c2017
300 _a780
650 _aMCA
942 _2ddc
_cBK
_04